| 000 | 01016nac a22002891u 4500 | ||
|---|---|---|---|
| 999 |
_c1734 _d1734 |
||
| 003 | EG-ScBUE | ||
| 005 | 20210221103317.0 | ||
| 008 | 210221t1984 gau f 000 0 eng d | ||
| 020 | _a0820306908 | ||
| 040 |
_aEG-ScBUE _beng _erda _cEG-ScBUE _dEG-ScBUE |
||
| 082 | 0 | 4 |
_a813.52 _bBRA _222 |
| 100 | 1 |
_aBraham, Jeanne, _d1940- _eauthor. |
|
| 245 | 1 | 2 |
_aA sort of Columbus : _bthe American voyages of Saul Bellow's fiction / _cJeanne Braham. |
| 264 | 1 |
_aAthens, Georgia : _bUniversity of Georgia Press, _c[1984] |
|
| 264 | 4 | _cc1984 | |
| 300 |
_a151 pages ; _c23 cm |
||
| 336 |
_2rdacontent _aنص _btxt |
||
| 337 |
_2rdamedia _aبدون وسيط _bn |
||
| 338 |
_2rdacarrier _aمجلد _bnc |
||
| 504 | _aIncludes bibliographical references and index. | ||
| 600 | 1 | 0 |
_aBellow, Saul _xCriticism and interpretation. _934702 |
| 650 | 7 |
_aNational characteristics, American, in literature. _2BUEsh |
|
| 651 | _2BUEsh | ||
| 653 |
_bHHUUEENN _cFebruary2021 |
||
| 655 |
_vReading book _934232 |
||
| 942 |
_cBB _k813.52B8137 _2ddc |
||